000 00518nam a22001577a 4500
999 _c535564
_d535564
020 _qHard Cover.
082 _a620.0011
100 _aNawar, Azra
245 _aGrowth studies of algae in a photobioreactor & possibility of biofilm removal /
_cAzra Nawar.
260 _aIslamabad:
_bUSPCASE NUST,
_c2014.
300 _a101 p. :
_bill. ;
_c30cm.
942 _2ddc
_cTHE
650 _aEnergy System Engineering MS-Thesis.
_928868
700 _aDr. Ehsan Ali
_928947